000 00698nam a2200253 4500
001 2044
010 _a9789727933778
021 _aPT
_b539163/24
090 _a2044
100 _a20260210d2025 c||y0pory50030103ba
101 _apor
102 _aPT
200 _aEnquanto o mundo passa
_fJonny Lambert
_gtrad. Pedro Costa
_gRev. Helder Guégués
205 _a1ª edição
210 _aEstoril
_cMinutos de Leitura
_d2025
215 _a[26] p.
_cil.
_d28 cm
300 _aBMB-Registado
606 _9863
_aLiteratura Infantil
675 _a087.5
_vBMB
_zpor
700 _aLambert
_bJonny
_91082
701 _aCosta
_bPedro
_4730
701 _aGuégués
_bHelder
_4640
_91488
801 _aPT
_bBMB
_gRPC
990 _cLIVROS